| 000 | 00422nam a2200169Ia 4500 | ||
|---|---|---|---|
| 003 | LK-CoDNM | ||
| 008 | 010623t1991 xxu||||| |||| 00| 1 eng d | ||
| 040 |
_aLK-CoDNM _dLK-CoDNM _eLK-CoDNM |
||
| 041 | _aeng | ||
| 080 | _a301 SRI | ||
| 100 | _aGunaratnam,Kiru | ||
| 245 | _aCannabis(Ganja) | ||
| 260 |
_bThe American Association Foundation _aAmerica _c1991 |
||
| 300 | _b12p.;22 cm cm | ||
| 650 | _aDrugs | ||
| 942 | _cBK | ||
| 999 |
_c114958 _d114958 |
||